000 00825cam a2200265 a 4500
001 000010062
005 20200929161826.0
008 931007s1989 sp b 000 p spa d
020 _a8437606926
040 _aDO-SdBNP
_cTxHR
_dOCoLC
_dDLC
082 _a861.64
_bG194e, 1989
100 1 _aGamoneda, Antonio,
_d1931-
_94067
245 1 0 _aEdad :
_bpoesía 1947-1986 /
_cAntonio Gamoneda ; edición, Miguel Casado.
250 _a4a ed.
260 _aMadrid :
_bCátedra,
_c1989.
300 _a385 p. ;
_c18 cm.
490 1 _aLetras hispánicas
_v271
504 _aBibliografía: p. 65.
650 4 _aPoesía española
_9631
650 4 _aLiteratura española
_ySIGLO XX
_93326
700 1 _aCasado, Miguel,
_eed.
_915480
830 0 _aLetras hispánicas ;
_v271
_94208
910 _aCatalogación por copia / LC
910 _aWM
999 _c9821
_d9821